=LDR 00000nam 2200000 4500 =001 INLIS000000000021963 =005 20130612120753 =008 ***********************************Ind** =035 ##$$0010-061300000021963 =041 ##$$a Ind =082 ##$$a 658.84 =090 ##$$a 658.84, Tra-m =100 ##$$a TRACY, Brian =245 ##$$a MLM Sukses, Panduan lengkap dan praktis menjadi enterprener MLM yang sukses dan kaya, Brian Tracy =260 ##$$a 2005 $b [...?] =300 ##$$a 117 hlm., ilus, 20 cm =650 ##$$a Mnajemen =850 ##$$a NBPNMAT